[Event "World Rapid 2023"]
[Site "Samarkand UZB"]
[Date "2023.12.28"]
[EventDate "2023.12.26"]
[Round "13.51"]
[Result "1-0"]
[White "Elham Amar"]
[Black "Yuriy Kuzubov"]
[WhiteElo "2555"]
[BlackElo "2613"]
[PlyCount "118"]

1. e4 c6 2. d4 d5 3. Nc3 dxe4 4. Nxe4 Nd7 5. Nf3 Ngf6 6. Ng3 e6 7. Bd3 c5 8. O-O
Be7 9. c4 O-O 10. b3 b6 11. d5 exd5 12. cxd5 Bb7 13. Bc4 b5 14. Bxb5 Nxd5 15.
Bb2 Bf6 16. Qd2 Bxb2 17. Qxb2 N7f6 18. Rad1 Qc7 19. Rfe1 Rad8 20. Bc4 Nb6 21.
Rxd8 Rxd8 22. Ne5 Nxc4 23. Nxc4 h5 24. f3 h4 25. Nf5 Qf4 26. Qe5 Qxe5 27. Rxe5
Rd1+ 28. Kf2 Ra1 29. a4 Rb1 30. Rxc5 Rxb3 31. Rb5 Rxb5 32. axb5 Nd5 33. Ncd6 Ba8
34. Nc8 g5 35. Nfe7+ Nxe7 36. Nxe7+ Kf8 37. Nc8 Bb7 38. Nxa7 Ke7 39. g3 hxg3+
40. Kxg3 f5 41. f4 Kf6 42. Nc6 Kg6 43. Nd8 Bc8 44. b6 Kh5 45. Ne6 gxf4+ 46.
Nxf4+ Kg5 47. h4+ Kf6 48. h5 Kg5 49. Kf2 Kf6 50. Ke3 Ke5 51. Kd2 Bb7 52. Kc3 Bf3
53. Kb4 Ba8 54. Kb5 Bb7 55. Kc5 Ba8 56. h6 Kf6 57. Kd6 Kf7 58. Ke5 Kg8 59. Kxf5
Kh7 1-0

[Event "World Rapid 2023"]
[Site "Samarkand UZB"]
[Date "2023.12.28"]
[EventDate "2023.12.26"]
[Round "13.52"]
[Result "1-0"]
[White "Robert Hovhannisyan"]
[Black "Baskaran Adhiban"]
[WhiteElo "2611"]
[BlackElo "2541"]
[PlyCount "100"]

1. e4 c5 2. Nf3 d6 3. d4 cxd4 4. Qxd4 Nf6 5. Nc3 Nc6 6. Bb5 Bd7 7. Bxc6 Bxc6 8.
Bg5 e6 9. O-O-O Be7 10. Bxf6 Bxf6 11. Qxd6 Qxd6 12. Rxd6 Bxc3 13. bxc3 Bxe4 14.
Ne5 Rc8 15. Rd4 Bd5 16. c4 Bxg2 17. Rg1 f6 18. Nd7 Rd8 19. Rxg2 Rxd7 20. Rxd7
Kxd7 21. Rxg7+ Kc6 22. Re7 e5 23. Rf7 a5 24. Kb2 Rg8 25. Rxf6+ Kc5 26. Rf7 Rg2
27. h4 Kxc4 28. Rxb7 Rxf2 29. Rxh7 e4 30. h5 Rh2 31. h6 e3 32. Re7 e2 33. h7
Rxh7 34. Re4+ Kb5 35. Rxe2 Rh3 36. Re5+ Kb6 37. Rd5 a4 38. Rd3 Rh2 39. Kc3 Kc5
40. Re3 Rh5 41. Rg3 Rf5 42. Kb2 Rf2 43. Rg5+ Kb6 44. Kc3 Rf4 45. Rd5 Rf1 46. a3
Rf2 47. Rd2 Rf1 48. Kb4 Rb1+ 49. Kxa4 Rb2 50. Rh2 Kc7 1-0

[Event "World Rapid 2023"]
[Site "Samarkand UZB"]
[Date "2023.12.28"]
[EventDate "2023.12.26"]
[Round "13.53"]
[Result "1-0"]
[White "Timur Gareyev"]
[Black "Kacper Piorun"]
[WhiteElo "2570"]
[BlackElo "2593"]
[PlyCount "86"]

1. e4 e5 2. f4 exf4 3. Nf3 Nf6 4. e5 Nh5 5. Be2 g6 6. O-O Nc6 7. d4 d6 8. exd6
cxd6 9. Ne1 Nf6 10. Bxf4 Bg7 11. c3 O-O 12. Na3 Nd5 13. Qd2 Nxf4 14. Qxf4 Be6
15. Nd3 Ne7 16. Qf2 Nd5 17. Nf4 Nxf4 18. Qxf4 Qb6 19. Nb5 Rad8 20. a4 a6 21. a5
Qc6 22. Na3 Qa4 23. Rae1 Qxa5 24. Bc4 d5 25. Bd3 b5 26. Nc2 Qb6 27. h4 a5 28. h5
b4 29. Ne3 bxc3 30. bxc3 Rc8 31. h6 Bh8 32. Bf5 Qc7 33. Qg4 Rce8 34. Bxe6 fxe6
35. Rxf8+ Kxf8 36. Qf3+ Qf7 37. Qe2 Qd7 38. Ra1 Ra8 39. Qg4 Kg8 40. Rb1 a4 41.
Qf4 Qf7 42. Qd6 a3 43. Rf1 1-0

[Event "World Rapid 2023"]
[Site "Samarkand UZB"]
[Date "2023.12.28"]
[EventDate "2023.12.26"]
[Round "13.54"]
[Result "1-0"]
[White "David Paravyan"]
[Black "Stepan Zilka"]
[WhiteElo "2612"]
[BlackElo "2615"]
[PlyCount "76"]

1. e4 c5 2. Nf3 d6 3. d4 cxd4 4. Nxd4 Nf6 5. Nc3 a6 6. Bg5 e6 7. f4 Qb6 8. Qd2
Qxb2 9. Rb1 Qa3 10. f5 Nc6 11. fxe6 fxe6 12. Nxc6 bxc6 13. Be2 Be7 14. e5 dxe5
15. Bxf6 Bxf6 16. Bh5+ g6 17. Ne4 O-O 18. O-O Bg7 19. Rxf8+ Qxf8 20. Bg4 a5 21.
h4 h6 22. Qc3 c5 23. Qc4 Qd8 24. Bxe6+ Bxe6 25. Qxe6+ Kh7 26. Qg4 Qc8 27. Qxc8
Rxc8 28. Kf2 Kg8 29. Rb6 g5 30. hxg5 hxg5 31. Ke2 g4 32. a4 Rd8 33. c3 c4 34.
Rb5 Kf7 35. Rxa5 Ke6 36. Ra6+ Kf5 37. Nd6+ Kg5 38. Nf7+ 1-0

[Event "World Rapid 2023"]
[Site "Samarkand UZB"]
[Date "2023.12.28"]
[EventDate "2023.12.26"]
[Round "13.55"]
[Result "1-0"]
[White "M Amin Tabatabaei"]
[Black "Akmal Fayzullaev"]
[WhiteElo "2692"]
[BlackElo "2367"]
[PlyCount "90"]

1. e4 c6 2. Nf3 d5 3. Nc3 dxe4 4. Nxe4 Nf6 5. Qe2 Nxe4 6. Qxe4 Qd5 7. Qh4 Qe6+
8. Be2 Nd7 9. d4 Nf6 10. Ne5 Qd6 11. O-O Be6 12. c3 h6 13. Re1 Rg8 14. Qg3 g5
15. a4 h5 16. Bf1 h4 17. Qd3 g4 18. g3 hxg3 19. hxg3 Rh8 20. c4 Bh6 21. Bg2 Bxc1
22. Raxc1 Rd8 23. Rcd1 Rh5 24. Qe3 Kf8 25. Qf4 Kg7 26. d5 cxd5 27. cxd5 Nxd5 28.
Qe4 Rdh8 29. Nxg4 Qc5 30. Ne5 Nf6 31. Qe2 R8h6 32. Nd3 Qf5 33. Nf4 Rh2 34. Nxe6+
fxe6 35. Qxe6 Qxe6 36. Rxe6 Kf7 37. Re3 b6 38. Rc3 R2h5 39. Rc7 Ra5 40. Re1 Ng8
41. b4 Rxa4 42. Bd5+ Kg7 43. Bxg8 Kxg8 44. Rexe7 Rxb4 45. Rc8# 1-0

[Event "World Rapid 2023"]
[Site "Samarkand UZB"]
[Date "2023.12.28"]
[EventDate "2023.12.26"]
[Round "13.56"]
[Result "1/2-1/2"]
[White "Vadim Zvjaginsev"]
[Black "Chithambaram VR Aravindh"]
[WhiteElo "2567"]
[BlackElo "2646"]
[PlyCount "82"]

1. d4 e6 2. c4 Bb4+ 3. Bd2 Bxd2+ 4. Qxd2 Nf6 5. Nf3 O-O 6. g3 d5 7. Bg2 b6 8.
O-O Bb7 9. cxd5 exd5 10. Nc3 Nbd7 11. Rac1 Re8 12. Qf4 c5 13. Rfd1 c4 14. Ne5
Rc8 15. Bxd5 Bxd5 16. Nxd5 Nxe5 17. Nxf6+ Qxf6 18. dxe5 Qc6 19. Rd6 Qb5 20. Qd4
h6 21. Rd5 Qa6 22. a3 c3 23. Rxc3 Rxc3 24. Qxc3 Qxe2 25. Qd4 Re7 26. Kg2 Kh7 27.
Qf4 Qc2 28. h4 g6 29. Kh2 Qc6 30. Rd6 Qb5 31. Rf6 Qe8 32. h5 Kg7 33. hxg6 fxg6
34. Rd6 Rxe5 35. Qd4 Kf7 36. Rd8 Rh5+ 37. Kg2 Qc6+ 38. f3 Ke7 39. g4 Qc2+ 40.
Qd2 Qxd2+ 41. Rxd2 Rc5 1/2-1/2

[Event "World Rapid 2023"]
[Site "Samarkand UZB"]
[Date "2023.12.28"]
[EventDate "2023.12.26"]
[Round "13.57"]
[Result "1/2-1/2"]
[White "Venkataraman Karthik"]
[Black "Manuel Petrosyan"]
[WhiteElo "2609"]
[BlackElo "2619"]
[PlyCount "118"]

1. d4 Nf6 2. c4 e6 3. Nf3 d5 4. Nc3 Bb4 5. Qa4+ Nc6 6. e3 O-O 7. Qc2 Ne7 8. a3
Bxc3+ 9. Qxc3 b6 10. cxd5 exd5 11. Bd3 Bf5 12. O-O a5 13. Ne5 Bxd3 14. Nxd3 a4
15. f3 Nf5 16. Bd2 Re8 17. Rae1 h5 18. Qc2 g6 19. Bc1 Qd6 20. Kh1 Re6 21. Bd2
Rae8 22. Qc1 Qc6 23. Qxc6 Rxc6 24. Rf2 Rce6 25. Kg1 Nd6 26. Nf4 R6e7 27. Rc1 g5
28. Nd3 Nc4 29. Ne5 Nxd2 30. Rxd2 c5 31. Kf2 c4 32. h4 g4 33. e4 b5 34. exd5
gxf3 35. gxf3 Nxd5 36. Rg1+ Kh7 37. Rg5 f6 38. Rxh5+ Kg7 39. Nc6 Rd7 40. Nb4
Red8 41. Rxd5 Rxd5 42. Nxd5 Rxd5 43. Ke3 Kf7 44. Ke4 Ke6 45. Rh2 Rh5 46. Kf4 f5
47. Re2+ Kd5 48. Re5+ Kxd4 49. Rxf5 Rxh4+ 50. Kg3 Rh1 51. Rxb5 Rd1 52. Rb8 Rd3
53. Kg4 Rb3 54. Rd8+ Ke3 55. Rc8 Kd3 56. Rd8+ Kc2 57. Rd4 Kxb2 58. Rxc4 Kxa3 59.
f4 1/2-1/2

[Event "World Rapid 2023"]
[Site "Samarkand UZB"]
[Date "2023.12.28"]
[EventDate "2023.12.26"]
[Round "13.58"]
[Result "1/2-1/2"]
[White "Arystan Isanzhulov"]
[Black "Haik M Martirosyan"]
[WhiteElo "2407"]
[BlackElo "2678"]
[PlyCount "114"]

1. e4 c5 2. Nf3 Nc6 3. Nc3 e6 4. g3 a6 5. d4 cxd4 6. Nxd4 d6 7. Nxc6 bxc6 8. Bg2
d5 9. O-O Nf6 10. exd5 cxd5 11. Ne2 Bd7 12. c4 dxc4 13. Bxa8 Qxa8 14. Nd4 Be7
15. Qf3 Nd5 16. Be3 O-O 17. Rac1 Rc8 18. Rfd1 Bf6 19. h4 h6 20. b3 c3 21. a3 a5
22. b4 axb4 23. axb4 Qa4 24. Nf5 Nxe3 25. Nxe3 Bc6 26. Qf4 h5 27. g4 Qb5 28. g5
Be5 29. Qc4 Qb8 30. Qe2 Bh2+ 31. Kf1 Bb5 32. Rd3 Qb7 33. Ke1 Bxd3 34. Qxd3 Qxb4
35. g6 Qd6 36. gxf7+ Kxf7 37. Rxc3 Rxc3 38. Qxc3 Be5 39. Qa5 Qd4 40. Ke2 Qe4 41.
Qb5 Qd4 42. Nc4 Qg4+ 43. f3 Qg2+ 44. Ke3 Qg1+ 45. Ke2 Qh2+ 46. Kd3 Bf6 47. Qxh5+
g6 48. Qb5 Qc7 49. Qb7 Qxb7 50. Nd6+ Ke7 51. Nxb7 Bxh4 52. Ke4 Bf2 53. Na5 Kf6
54. Nc4 g5 55. Ne5 Bg3 56. Ng4+ Ke7 57. Nh6 1/2-1/2

[Event "World Rapid 2023"]
[Site "Samarkand UZB"]
[Date "2023.12.28"]
[EventDate "2023.12.26"]
[Round "13.59"]
[Result "1/2-1/2"]
[White "Sinisa Drazic"]
[Black "Henriquez Villagra, Cristobal"]
[WhiteElo "2264"]
[BlackElo "2607"]
[PlyCount "122"]

1. d4 Nf6 2. Bg5 d6 3. Bxf6 exf6 4. e3 f5 5. g3 h5 6. Bg2 h4 7. c4 Nd7 8. Nc3 c6
9. Qd3 Nb6 10. Nge2 Be7 11. f4 Kf8 12. O-O d5 13. cxd5 cxd5 14. Nc1 Be6 15. Qe2
hxg3 16. hxg3 Bb4 17. Nd1 Nc4 18. Nd3 Be7 19. Nc3 Rc8 20. Rac1 Nb6 21. Ne5 a6
22. Rc2 g6 23. Rfc1 Kg7 24. Qf3 Qd6 25. a3 Rc7 26. Nd3 Rhc8 27. Nc5 Bf6 28. a4
Rxc5 29. dxc5 Rxc5 30. Nb5 Rxc2 31. Nxd6 Rxc1+ 32. Kh2 Be7 33. Nxb7 Rc2 34. b3
Rd2 35. Qf1 d4 36. Qc1 Bb4 37. a5 Nd5 38. Kh3 Nxe3 39. Bf3 g5 40. fxg5 f4+ 41.
g4 Rf2 42. Qc6 Nf1 43. Bg2 f3 44. Bxf1 Rxf1 45. Nd8 Re1 46. Kg3 Re3 47. Nxe6+
Rxe6 48. Qc4 Bxa5 49. Qxd4+ Kg8 50. Kxf3 Bc7 51. Qc5 Bh2 52. Qc2 Be5 53. Ke4 Kg7
54. Kf5 Bd6 55. Qc3+ Kg8 56. Qc8+ Bf8 57. Qd8 Rd6 58. Qa8 Kg7 59. Qb7 Re6 60.
Qd5 Rd6 61. Qe5+ Kg8 1/2-1/2

[Event "World Rapid 2023"]
[Site "Samarkand UZB"]
[Date "2023.12.28"]
[EventDate "2023.12.26"]
[Round "13.60"]
[Result "1/2-1/2"]
[White "Deshun Xiu"]
[Black "Raymond Song"]
[WhiteElo "2510"]
[BlackElo "2503"]
[PlyCount "194"]

1. Nf3 d5 2. d4 Nf6 3. e3 c5 4. Nbd2 cxd4 5. exd4 Qc7 6. Bd3 Nc6 7. c3 Bg4 8.
O-O e6 9. Re1 Bd6 10. Nf1 Bh5 11. Bg5 Bg6 12. Ng3 Bxd3 13. Qxd3 Bxg3 14. hxg3
Ne4 15. Bf4 Qd7 16. g4 h6 17. Re2 f6 18. Nd2 Nxd2 19. Bxd2 O-O 20. Qg3 e5 21.
dxe5 fxe5 22. g5 hxg5 23. Bxg5 Rf5 24. Rd1 Qf7 25. Qh4 Qg6 26. f4 exf4 27. Bxf4
Raf8 28. Bh2 Qf7 29. Ree1 d4 30. cxd4 Qxa2 31. Bd6 Rd8 32. Bc7 Rdf8 33. Bd6 Rd8
34. Qg4 Qd5 35. Be5 Rf7 36. Re3 Nxe5 37. Rxe5 Qb3 38. Rde1 Rdf8 39. R1e2 Rf4 40.
Qe6+ Qxe6 41. Rxe6 Rxd4 42. Re7 Rf7 43. Re8+ Kh7 44. R2e3 Rd1+ 45. Kh2 Rd6 46.
b3 a6 47. R8e5 Rb6 48. Kg1 Rf4 49. Rg3 Rf7 50. Rh3+ Rh6 51. Rg3 b5 52. Reg5 Rb7
53. Rd5 Rh4 54. Rgg5 Rb4 55. Rg3 a5 56. Kf2 a4 57. bxa4 bxa4 58. Ra5 Rf4+ 59.
Ke3 Rh4 60. Rgg5 Rb3+ 61. Kf2 Kh6 62. Rgc5 Rf4+ 63. Kg1 Rg4 64. Rc6+ g6 65. Rca6
Rb2 66. Rxa4 Rgxg2+ 67. Kh1 Rh2+ 68. Kg1 Rhg2+ 69. Kh1 Kh5 70. R6a5+ g5 71. Ra8
Rh2+ 72. Kg1 Rhg2+ 73. Kh1 Rgd2 74. Rh8+ Kg6 75. Rg8+ Kh6 76. Ra6+ Kh5 77. Rh8+
Kg4 78. Ra4+ Kf5 79. Ra5+ Kf6 80. Ra1 g4 81. Rg8 Rh2+ 82. Kg1 Rhg2+ 83. Kh1 Rh2+
84. Kg1 Rbg2+ 85. Kf1 Kf7 86. Rg5 g3 87. Ra3 Rc2 88. Rf3+ Ke7 89. Kg1 Rcg2+ 90.
Kf1 Rb2 91. Kg1 Rhg2+ 92. Kh1 Rh2+ 93. Kg1 Rb1+ 94. Rf1 Rxf1+ 95. Kxf1 g2+ 96.
Rxg2 Rxg2 97. Kxg2 1/2-1/2

[Event "World Rapid 2023"]
[Site "Samarkand UZB"]
[Date "2023.12.28"]
[EventDate "2023.12.26"]
[Round "13.61"]
[Result "1-0"]
[White "Boris Savchenko"]
[Black "Grzegorz Nasuta"]
[WhiteElo "2505"]
[BlackElo "2579"]
[PlyCount "78"]

1. e4 e5 2. f4 exf4 3. Bc4 Qh4+ 4. Kf1 Nf6 5. Nf3 Qh6 6. d3 d6 7. Nc3 Be6 8. b3
a6 9. Ne2 Nh5 10. h4 Bg4 11. d4 Be7 12. Kf2 Nd7 13. Bd3 f6 14. g3 Nxg3 15. Nxg3
fxg3+ 16. Kxg3 Qh5 17. Qf1 d5 18. exd5 Bd6+ 19. Bf4 Bxf4+ 20. Kxf4 O-O-O 21. Re1
Rhe8 22. Qf2 f5 23. Ng5 Nf6 24. Kg3 h6 25. Ne6 Rxd5 26. Nf4 Qf7 27. Rxe8+ Nxe8
28. Nxd5 Qxd5 29. Re1 Nf6 30. Re5 Qd6 31. Bxf5+ Kb8 32. Kg2 Bxf5 33. Rxf5 Ne4
34. Qf4 Qg6+ 35. Kf3 Nd6 36. Rf8+ Ka7 37. Qe5 Nb5 38. Qc5+ b6 39. Qd5 1-0

[Event "World Rapid 2023"]
[Site "Samarkand UZB"]
[Date "2023.12.28"]
[EventDate "2023.12.26"]
[Round "13.38"]
[Result "0-1"]
[White "Artem Pingin"]
[Black "Aleksey Dreev"]
[WhiteElo "2419"]
[BlackElo "2606"]
[PlyCount "168"]

1. e4 c5 2. Nf3 e6 3. d4 cxd4 4. Nxd4 Nf6 5. Nc3 Nc6 6. a3 d6 7. Be3 Be7 8. Be2
O-O 9. Qd3 Ne5 10. Qd2 a6 11. O-O-O Neg4 12. Kb1 Qc7 13. h4 Nxe3 14. Qxe3 b5 15.
g4 Qc5 16. g5 Nd7 17. Qd2 Rb8 18. Nb3 Qc7 19. h5 Ne5 20. h6 g6 21. f4 Nc4 22.
Qd3 d5 23. Qd4 f6 24. exd5 e5 25. d6 Bxd6 26. Bxc4+ bxc4 27. Qd5+ Qf7 28. Qxd6
cxb3 29. Qxb8 bxc2+ 30. Ka1 cxd1=Q+ 31. Rxd1 exf4 32. Qxf4 fxg5 33. Qxg5 Be6 34.
Qe5 Bb3 35. Re1 Qf6 36. Qc7 g5 37. Qb7 Bf7 38. Rh1 Re8 39. Qg2 Re5 40. Qg3 Re8
41. Qd3 Bg6 42. Qd5+ Bf7 43. Ne4 Qe5 44. Qxe5 Rxe5 45. Nf6+ Kh8 46. Rd1 Bg8 47.
b4 Re6 48. Ng4 Re4 49. Nf6 Re6 50. Rf1 Bf7 51. Ng4 Kg8 52. Nf6+ Kh8 53. Kb2 Re2+
54. Kc3 Re6 55. Kd4 Bg6 56. Kc5 Bd3 57. Rf3 Bg6 58. Nd7 Re8 59. Rg3 Bf5 60. Nf6
Rf8 61. Nh5 g4 62. Kb6 Bg6 63. Ng7 Rf6+ 64. Ka5 Rf3 65. Rxg4 Rxa3+ 66. Kb6 Rh3
67. Ne6 Bf5 68. Rd4 Bxe6 69. Rd8+ Bg8 70. Rd6 Rh4 71. Ka5 Rg4 72. Rxa6 Rg6 73.
Ra8 Rxh6 74. b5 Rh1 75. Kb6 Kg7 76. Rd8 h5 77. Kc7 Rc1+ 78. Kb7 Bh7 79. Rd4 Kf6
80. b6 Ke5 81. Rh4 Be4+ 82. Ka7 Ra1+ 83. Kb8 Rh1 84. Kc7 0-1

[Event "World Rapid 2023"]
[Site "Samarkand UZB"]
[Date "2023.12.28"]
[EventDate "2023.12.26"]
[Round "13.63"]
[Result "1/2-1/2"]
[White "Nikolay Averin"]
[Black "Velimir Ivic"]
[WhiteElo "2246"]
[BlackElo "2570"]
[PlyCount "112"]

1. e4 c5 2. Nf3 Nc6 3. d4 cxd4 4. Nxd4 Nf6 5. Nc3 e5 6. Ndb5 d6 7. Bg5 a6 8. Na3
b5 9. Nd5 Be7 10. Bxf6 Bxf6 11. c3 Rb8 12. Nc2 O-O 13. Be2 Bg5 14. O-O Kh8 15.
Qd3 f5 16. Bf3 g6 17. Ncb4 Nxb4 18. Nxb4 Qd7 19. Rad1 a5 20. Nd5 Qa7 21. Ne3
Bxe3 22. Qxe3 Qxe3 23. fxe3 Rb6 24. exf5 gxf5 25. Bd5 Kg7 26. Rf3 Rf6 27. Rdf1
Rg6 28. Kf2 Bd7 29. g3 Rb8 30. e4 Rf8 31. Ke3 Rgf6 32. exf5 Bxf5 33. a3 Bd7 34.
Rxf6 Rxf6 35. Rxf6 Kxf6 36. b4 axb4 37. axb4 h6 38. Be4 Ke6 39. Bg2 d5 40. Bh3+
Kd6 41. Bf1 Ke7 42. Bg2 Bc6 43. Bh3 Kf6 44. Bc8 Kf7 45. Bh3 Ke7 46. Bf1 Bd7 47.
Bg2 Kd6 48. Bf1 Kc6 49. Bg2 Bf5 50. Bf1 Bd7 51. Bg2 Kd6 52. Bf1 Bc6 53. Bh3 Bd7
54. Bf1 Bc6 55. Bh3 Bd7 56. Bf1 1/2-1/2

[Event "World Rapid 2023"]
[Site "Samarkand UZB"]
[Date "2023.12.28"]
[EventDate "2023.12.26"]
[Round "13.64"]
[Result "1/2-1/2"]
[White "Artem Uskov"]
[Black "Nikita Petrov"]
[WhiteElo "2392"]
[BlackElo "2561"]
[PlyCount "88"]

1. c4 e5 2. g3 d5 3. cxd5 Qxd5 4. Nf3 Nc6 5. Nc3 Qd8 6. Bg2 Nf6 7. O-O h6 8. d3
Bd6 9. d4 O-O 10. d5 Ne7 11. e4 c6 12. dxc6 Nxc6 13. Qc2 Be6 14. Rd1 Qe7 15. Be3
Rac8 16. Qe2 Ng4 17. Nd5 Bxd5 18. exd5 Nxe3 19. fxe3 Nb8 20. e4 Na6 21. Rac1 Rc7
22. Bh3 g6 23. Kg2 Kg7 24. Qe3 Nc5 25. Rc2 a5 26. Rdc1 Rb8 27. Nd2 b5 28. Nb3
Nxb3 29. Rxc7 Bxc7 30. Qxb3 Bd6 31. Rc6 Rb7 32. Bc8 Rb8 33. Bh3 Rb7 34. Bc8 Rb8
35. Bh3 a4 36. Qd3 Rb7 37. Bc8 Rb8 38. Bh3 h5 39. Qe2 Rb7 40. Bc8 Rb8 41. Bh3
Rb7 42. Bc8 Rb8 43. Bh3 Rb7 44. Bc8 1/2-1/2

[Event "World Rapid 2023"]
[Site "Samarkand UZB"]
[Date "2023.12.28"]
[EventDate "2023.12.26"]
[Round "13.65"]
[Result "1/2-1/2"]
[White "Amilal Munkhdalai"]
[Black "Van Foreest, Lucas"]
[WhiteElo "2388"]
[BlackElo "2530"]
[PlyCount "222"]

1. e4 e5 2. Nf3 Nc6 3. Bb5 Nf6 4. O-O Nxe4 5. d4 Nd6 6. Bxc6 dxc6 7. dxe5 Nf5 8.
Qxd8+ Kxd8 9. Nc3 Be7 10. h3 Nh4 11. Nxh4 Bxh4 12. Rd1+ Ke8 13. Be3 h5 14. Rd2
Be7 15. Ne2 Bf5 16. Rad1 Rd8 17. Rxd8+ Bxd8 18. c4 b6 19. Nd4 Bd7 20. f4 c5 21.
Ne2 Be6 22. b3 Rg8 23. Nc3 g5 24. Kf2 g4 25. hxg4 Bxg4 26. Rh1 Kd7 27. g3 Ke6
28. Bd2 Rh8 29. Nd5 h4 30. Kg2 Rg8 31. gxh4 Bh5+ 32. Kf2 Rg4 33. f5+ Kxe5 34.
Bc3+ Kd6 35. Bf6 c6 36. Bxd8 cxd5 37. cxd5 Rf4+ 38. Ke3 Rxf5 39. Rg1 Rf3+ 40.
Kd2 Rf2+ 41. Ke3 Rxa2 42. Rg5 Bd1 43. Bf6 Bxb3 44. h5 Bc2 45. h6 Bb1 46. Bg7
Ra3+ 47. Kf4 Ra4+ 48. Kg3 Kd7 49. Bf8 Ra3+ 50. Kg4 Ke8 51. Rg8 f5+ 52. Kf4 Ra4+
53. Ke5 Rh4 54. Bxc5+ Kf7 55. Rg7+ Ke8 56. h7 bxc5 57. Rg8+ Kd7 58. h8=Q Rxh8
59. Rxh8 c4 60. Rh7+ Kc8 61. d6 f4 62. Rc7+ Kd8 63. Rxc4 a5 64. Kxf4 Ba2 65. Ra4
Bb3 66. Rxa5 Be6 67. Ke5 Bh3 68. Ra7 Bg4 69. Kd4 Bh3 70. Kc5 Bg2 71. Rh7 Be4 72.
Rf7 Bg2 73. Rg7 Bf3 74. Kd4 Bc6 75. Ke5 Ba4 76. Rg4 Bb3 77. Rb4 Ba2 78. Rb8+ Kd7
79. Rb2 Bc4 80. Kd4 Be6 81. Kc5 Bg4 82. Rb7+ Kd8 83. Rb8+ Kd7 84. Ra8 Bf3 85.
Ra7+ Kd8 86. Kd4 Bg2 87. Ke5 Bh3 88. Rg7 Bf1 89. d7 Kc7 90. Rh7 Bb5 91. Ke6 Ba4
92. d8=Q+ Kxd8 93. Rh4 Bb3+ 94. Kd6 Ke8 95. Rh3 Bc4 96. Rf3 Bg8 97. Rh3 Kf8 98.
Ke5 Kg7 99. Rg3+ Kh8 100. Kf6 Bh7 101. Rh3 Kg8 102. Kg5 Kg7 103. Rc3 Bg8 104.
Rc7+ Kh8 105. Kh6 Bb3 106. Rh7+ Kg8 107. Rb7 Bc2 108. Rb2 Be4 109. Re2 Bd3 110.
Rg2+ Kf8 111. Rg3 Bc2 1/2-1/2

[Event "World Rapid 2023"]
[Site "Samarkand UZB"]
[Date "2023.12.28"]
[EventDate "2023.12.26"]
[Round "13.66"]
[Result "1-0"]
[White "Haowen Xue"]
[Black "Ilia Iljiushenok"]
[WhiteElo "2455"]
[BlackElo "2547"]
[PlyCount "88"]

1. d4 d5 2. c4 c6 3. Nc3 Nf6 4. Nf3 dxc4 5. a4 Bf5 6. e3 e6 7. Bxc4 Bb4 8. O-O
Nbd7 9. Qe2 O-O 10. e4 Bg6 11. Bd3 h6 12. Bf4 c5 13. Bd6 Re8 14. e5 Bxd3 15.
Qxd3 c4 16. Qxc4 Bxd6 17. exd6 Nb6 18. Qb4 Nfd5 19. Nxd5 Nxd5 20. Qa3 a5 21. Ne5
f6 22. Nc4 Ra6 23. Qc5 Qc8 24. Qb5 Rd8 25. Rfe1 Nb4 26. Rad1 Qd7 27. Qxd7 Rxd7
28. Rxe6 Kf7 29. Rde1 Nd5 30. b3 Ra8 31. g3 b6 32. f4 Rb8 33. f5 b5 34. Nxa5
bxa4 35. bxa4 Rb4 36. Nc6 Rxa4 37. Re8 Rxd6 38. Nd8+ Rxd8 39. Rxd8 Rxd4 40. Rd7+
Kf8 41. Ra1 Kg8 42. Ra8+ Kh7 43. Rdd8 Rd1+ 44. Kf2 1-0

[Event "World Rapid 2023"]
[Site "Samarkand UZB"]
[Date "2023.12.28"]
[EventDate "2023.12.26"]
[Round "13.67"]
[Result "1/2-1/2"]
[White "Mukhammadzokhid Suyarov"]
[Black "Renato Terry"]
[WhiteElo "2359"]
[BlackElo "2522"]
[PlyCount "226"]

1. e4 e6 2. d4 d5 3. Nc3 Nf6 4. e5 Nfd7 5. Nce2 c5 6. c3 cxd4 7. cxd4 f6 8. Nf4
Bb4+ 9. Bd2 Qb6 10. Nf3 fxe5 11. dxe5 O-O 12. Nd3 Bxd2+ 13. Qxd2 Nc6 14. Be2 Rf5
15. g4 Rf8 16. Rc1 a5 17. O-O a4 18. Rfe1 Ra5 19. Kg2 Qa7 20. Bf1 Nc5 21. Nxc5
Rxc5 22. Bd3 b6 23. h4 Qe7 24. Rcd1 Bd7 25. h5 Be8 26. Kg3 Ra5 27. a3 Rc5 28.
Ng5 h6 29. Nh7 Rf7 30. f4 Qc7 31. Bg6 Re7 32. g5 Kh8 33. Nf6 Bd7 34. Kh3 Bc8 35.
Ng4 Qd8 36. gxh6 Qf8 37. Rc1 gxh6 38. Rxc5 bxc5 39. Rc1 Rb7 40. Nf6 c4 41. Rg1
Rb3+ 42. Kh4 Ne7 43. Bb1 c3 44. bxc3 Rxa3 45. Bc2 Ra2 46. Qd1 a3 47. Kh3 Rb2 48.
Rg2 Rb7 49. Qa1 Ra7 50. Bd3 Bb7 51. Rg3 a2 52. Rg2 d4 53. Rxa2 Rxa2 54. Qxa2
dxc3 55. Qb3 Qc8 56. f5 Nd5 57. Qd1 Nxf6 58. exf6 Qg8 59. Qe2 Bd5 60. Bc2 e5 61.
Be4 Bf7 62. Qe3 Qg5 63. Qxc3 Qxh5+ 64. Kg3 Qg5+ 65. Kh3 Qxf6 66. Qa3 Kg8 67.
Qg3+ Kh7 68. Qc3 h5 69. Qg3 Kh6 70. Qc3 Be8 71. Qe3+ Kg7 72. Qc3 Bf7 73. Qg3+
Kh7 74. Qe3 Kh8 75. Qc5 Bg8 76. Qc8 Qg5 77. Qf8 Qe3+ 78. Kh2 Qf4+ 79. Kg1 Qg5+
80. Kh2 h4 81. f6 Qf4+ 82. Kg1 Qe3+ 83. Kh2 Qg3+ 84. Kh1 Qh3+ 85. Kg1 Qg4+ 86.
Kh2 Qg5 87. Kh1 Qc1+ 88. Kg2 Qg5+ 89. Kf2 Qd2+ 90. Kg1 Qg5+ 91. Kf2 Qf4+ 92. Kg1
Qg3+ 93. Kh1 Qe1+ 94. Kh2 Qd2+ 95. Kh1 Qe1+ 96. Kh2 Qf2+ 97. Kh1 Qf1+ 98. Kh2
Qf4+ 99. Kg1 Qg5+ 100. Kh2 Qg3+ 101. Kh1 Qh3+ 102. Kg1 Qg4+ 103. Kh2 Qf4+ 104.
Kg1 Qg5+ 105. Kh2 Qd2+ 106. Kg1 Qe3+ 107. Kh2 Qf4+ 108. Kg1 Qg5+ 109. Kh2 Qf4+
110. Kg1 Qg3+ 111. Kh1 Qh3+ 112. Kg1 Qg4+ 113. Kh2 Qf4+ 1/2-1/2

[Event "World Rapid 2023"]
[Site "Samarkand UZB"]
[Date "2023.12.28"]
[EventDate "2023.12.26"]
[Round "13.68"]
[Result "1/2-1/2"]
[White "Mikhail Markov"]
[Black "Matvey Galchenko"]
[WhiteElo "2283"]
[BlackElo "2438"]
[PlyCount "58"]

1. c4 e6 2. Nf3 d5 3. g3 dxc4 4. Qa4+ Nd7 5. Qxc4 a6 6. Bg2 b5 7. Qc2 Bb7 8. O-O
Ngf6 9. d3 c5 10. b3 Be7 11. Bb2 O-O 12. Nbd2 Qb6 13. e4 Rac8 14. a4 Rfd8 15.
Bc3 Re8 16. axb5 axb5 17. Qb2 b4 18. Be5 Nxe5 19. Nxe5 Red8 20. Ndc4 Qc7 21. Ra7
Qb8 22. Qa2 Ne8 23. Qa5 Rc7 24. Qb6 Nd6 25. Nxd6 Rxd6 26. Ra8 Rxb6 27. Rxb8+ Rc8
28. Rxc8+ Bxc8 29. Ra1 Ra6 1/2-1/2

[Event "World Rapid 2023"]
[Site "Samarkand UZB"]
[Date "2023.12.28"]
[EventDate "2023.12.26"]
[Round "13.69"]
[Result "0-1"]
[White "Jakub Seemann"]
[Black "Mikhail Bryakin"]
[WhiteElo "2441"]
[BlackElo "2486"]
[PlyCount "74"]

1. Nf3 d5 2. g3 Nc6 3. d4 Bf5 4. Bg2 Nb4 5. Na3 e6 6. Ne5 Nf6 7. c3 Na6 8. Bf4
Be7 9. O-O O-O 10. Nc2 h6 11. a4 c5 12. a5 Rc8 13. dxc5 Nxc5 14. Nd4 Be4 15. Nb3
Bxg2 16. Kxg2 Nfd7 17. Nxd7 Qxd7 18. Nxc5 Rxc5 19. Be3 Rb5 20. b4 a6 21. Qd3 Rc8
22. Rac1 Rc4 23. f3 Qc6 24. Rfd1 e5 25. Bf2 Bxb4 26. Qf5 Rxc3 27. Rb1 Qe6 28.
Qh5 Rc2 29. Kf1 d4 30. Qh4 Qc4 31. Qe4 f5 32. Qd3 Bxa5 33. Rxb5 axb5 34. Rb1
Qxd3 35. exd3 Rc5 36. f4 Bc3 37. Ke2 e4 0-1

[Event "World Rapid 2023"]
[Site "Samarkand UZB"]
[Date "2023.12.28"]
[EventDate "2023.12.26"]
[Round "13.70"]
[Result "1-0"]
[White "Chongsheng Zeng"]
[Black "Saidakbar Saydaliev"]
[WhiteElo "2577"]
[BlackElo "2426"]
[PlyCount "164"]

1. e4 e5 2. Nf3 Nc6 3. Bc4 Nf6 4. Ng5 d5 5. exd5 Na5 6. d3 Be7 7. d6 Qxd6 8.
Bxf7+ Kf8 9. Nc3 Qc6 10. O-O Bg4 11. f3 Bf5 12. Bb3 Nxb3 13. axb3 h6 14. Nge4
Kg8 15. Be3 b6 16. Qe1 Kh7 17. Qg3 Qe6 18. Rae1 Nh5 19. Qf2 Rhf8 20. Nd2 Qc6 21.
Nc4 Bd6 22. Qh4 Bg6 23. b4 a6 24. Ra1 Nf4 25. Rxa6 Rxa6 26. b5 Qa8 27. bxa6 Qxa6
28. Nxd6 cxd6 29. Qe7 Rf6 30. Bxf4 exf4 31. Nd5 Rf5 32. Qxd6 Qb5 33. Nxf4 Bf7
34. b3 Qa5 35. b4 Qa4 36. Ne2 Rf6 37. Qc7 Qxb4 38. Ng3 Bg6 39. f4 Be8 40. Qe5
Bc6 41. Ne4 Rf8 42. Qd6 Qxd6 43. Nxd6 Ra8 44. Nc4 Ra2 45. Ne3 Kg6 46. Rb1 b5 47.
Rb3 Kf7 48. Rc3 Bd7 49. Kf2 b4 50. Rb3 Ba4 51. Rxb4 Bxc2 52. Rb7+ Kf6 53. Rb6+
Kf7 54. Nxc2 Rxc2+ 55. Kf3 Rd2 56. Rd6 Ke7 57. Rd4 Ke6 58. h3 h5 59. g4 g6 60.
Re4+ Kf6 61. g5+ Kf7 62. Re3 Rh2 63. Ke4 Ke6 64. f5+ gxf5+ 65. Kf4+ Kf7 66. Kxf5
Rf2+ 67. Ke5 h4 68. Re4 Kg6 69. Rxh4 Rf3 70. Ke4 Rg3 71. d4 Ra3 72. Ke5 Re3+ 73.
Re4 Rxh3 74. d5 Kxg5 75. d6 Rh7 76. Ke6 Rh6+ 77. Kd5 Rh7 78. Re7 Rh1 79. Re2 Kg6
80. Ke6 Kg5 81. d7 Rh8 82. Kd6 1-0